00767nam a2200181 a 4500008004100000020001800041050001500059100001900074245008100093260003500174300001600209350001000225500001500235650001500250995015500265995014800420999001700568130424s2012 ||||||||||||||||| || u a9781444128864 aBF 121 Gro aGross, Richard10aBeing human: psychological and philosophical perspectives cby Richard Gross aLondonbHodder Educationc2012 a335p.: ill. a49.95 aReferences 3aPSYCHOLOGY aMAIN LIBRARY OPEN ACCESSe745421FCBU-MAIN LIBRARY (Kitwe)I49.95jBF 121 GroM2UAVAILABLEWMay 21, 2015y745421ZMain Library Open Access Collection aMAIN LIBRARY OPEN ACCESSe743811FCBU-MAIN LIBRARY (Kitwe)jBF 121 GroM1UAVAILABLEWJun 13, 2013y743811ZMain Library Open Access Collection c84611d84611